000 00460nam a2200181Ia 4500
001 7720
005 20260306160516.0
008 260306t2005||||xx |||||||||||||| ||spa||
041 _aESP
082 _a354.76
_bM61
100 _aMinisterio de Transportes y Comunicaciones
_eAUT
245 0 _aPlan intermodal de transportes 2004 - 2023
260 _c2005
300 _a250 páginas :
_c30 cm.
650 _aGEN
654 _aCIA
942 _cLIB
_dJUS
_fJUS
_2ddc
_n
999 _c7720
_d7720